00967cam a22002651 4500001001300000003000400013005001700017008004100034010001700075025001800092040001800110041001300128050002000141100002400161245016100185260003200346300003300378350001200411500008100423500009000504700005200594740002000646740001800666999001700684he 68001349 DLC20260227111458.0710901s1967 is f 000 0 eng  ahe 68001349  aPL480:Is-5599 aDLCcDLCdDLC1 aenghheb00aNE2415.K59bA571 aḲnispel, Gershon.10aStar of ashes.b[Kokhav ha-efer. Ash-shṭern]c[by] Ka. Tsetnik. [Translated from the Hebrew by H. Zeldes and Nina DeNur] Lithographs [by] Gershon Knispel. a[Tel Aviv,bMenorah,c1967] a18 col. plates.c25 x 34 cm. aIL30.00 aPlates accompanied by transparent guard sheets with descriptive letterpress. a"Exclusive edition ... Two hundred and fifty copies ... Number of this copy 229/250."0 aKa-tzetnik 135633,d1917-2001.tKokhav ha-efer.0 aKokhav ha-efer.0 aAsh-shṭern. c33276d33276